| 000 | 01424nam1a22003011i 4500 | ||
|---|---|---|---|
| 001 | v19\rc\1573156 | ||
| 005 | 20260406165411.0 | ||
| 035 | _a(NLR Aleph) 004701848 | ||
| 090 |
_a4078721 _c4078721 |
||
| 100 | _a20061002d18921903|||y0rusy50 ca | ||
| 101 | 0 | _arus | |
| 102 | _aRU | ||
| 105 | _a z ||||| | ||
| 200 | 1 | _aВрачебно-механический и ортопедический институт доктора С.Я. Эйнгорна... | |
| 210 |
_aСанкт-Петербург _d1892-1903 |
||
| 215 | _d18 | ||
| 300 | _aЗагл. изд. 1897 г.: "Институт массажа, ортопедии и врачебной гимнастики..."; 1900 г.: "Институт механотерапии..."; 1903 г.: "Цандеровский институт механотерапии..." | ||
| 517 | 0 | _aИнститут массажа, ортопедии и врачебной гимнастики... | |
| 517 | 0 | _aИнститут механотерапии... | |
| 517 | 0 | _aЦандеровский институт механотерапии... | |
| 702 | 1 |
_aЭйнгорн _bС.Я. _4570 |
|
| 710 | 0 | 2 |
_aЦандеровский ин-т _cПетербург _3RU\NLR\AUTH\889936791 _9368375 |
| 801 | 0 |
_aRU _bNLR _gpsbo |
|
| 801 | 0 |
_aRU _bRuMoRGB _2psbo |
|
| 801 | 1 |
_aRU _bProSoft-M _2rusmarc |
|
| 852 |
_aNLR (1892-1903*) _jШифры разные |
||
| 899 |
_aRuMoRGB (1903) _jJ 92/144 |
||
| 942 | _cBOOK | ||